Kenne deinen Diktator - Klick Quiz - Statistiken

Allgemein
  • Dieses Quiz wurde 136 mal gespielt
  • Das Durchschnittsergebnis liegt bei 11 aus 20
Antwortstatistiken
Hint Antwort % Korrekt
Schreib das Buch "Mein Kampf"
91%
Begangen Suizid
90%
Hat sich an einer Kunstschule beworben, wurde aber abgelehnt
88%
Wurde hingerichtet
75%
Kämpfte im 1. Weltkrieg
70%
Hat Indien besetzt
69%
Wurde im 20. Jahrhundert geboren
65%
Besuchte Jalta, Potsdam und Teheran
62%
War 99,99 % seines Lebens unverheiratet.
61%
Studierte, um Priester zu werden
61%
Seine Zitate sind im „Kleinen Roten Buch“ gesammelt.
58%
Sein „Großer Sprung nach vorn“ kostete Millionen Menschen das Leben.
58%
War ein Anführer des „Langen Marsches“
58%
Hatte zwei Frauen gleichzeitig
56%
Hatte seit seiner Kindheit ein pockennarbiges Gesicht aufgrund einer Pockeninfektion.
49%
Setzte chemische Waffen ein
42%
Hat ein Buch in Auftrag gegeben, das mit seinem eigenen Blut geschrieben werden sollte
32%
Schüttelte Richard Nixon die Hand
27%
Beschuldigte seine jüdischen Ärzte, ihn umbringen zu wollen
26%
War der kleinste von den vier
11%
Keine übereinstimmenden Quizze gefunden
Verteilung der Resultate
Anzahl Personen mit jedem Resultat
Perzentil nach korrekt beantworteten Fragen
Ihre Resultats-Entwicklung
Sie haben dieses Quiz noch nicht gespielt